Support of dependent families of enlisted men of Army and National Guard. Letter from the Secretary of War, calling attention to urgent deficiency appropriation for the support of dependent families of enlisted men of the regular Army and the National Guard in the service of the United States.

Bibliographic Details
Corporate Authors: United States. Congress. House. Committee on Appropriations, ProQuest (Firm)
Format: eBook
Language:English
Published: Washington : [publisher not identified], 1916.
Series:United States congressional serial set.
Subjects:
Online Access:Connect to the full text of this electronic book

MARC

Tag First Indicator Second Indicator Subfields
LEADER 00000cam a22000001a 4500
001 in00003048849
005 20190402190205.0
006 m o d
007 cr un mmmapmmp
008 070820s1916 dcu o f000 0 eng d
035 |a cis2004154117 
040 |a UMI  |c UMI  |d UtOrBLW 
043 |a n-us--- 
099 |a ProQuest Serial Set Number 7242 H.doc.1765 
110 1 |a United States.  |b Congress.  |b House.  |b Committee on Appropriations. 
245 1 0 |a Support of dependent families of enlisted men of Army and National Guard. Letter from the Secretary of War, calling attention to urgent deficiency appropriation for the support of dependent families of enlisted men of the regular Army and the National Guard in the service of the United States. 
246 1 |a Deficiency appropriation for support of families of enlisted men, Army, and militia for 1917 
264 1 |a Washington :  |b [publisher not identified],  |c 1916. 
300 |a 1 online resource. 
336 |a text  |b txt  |2 rdacontent 
337 |a computer  |b c  |2 rdamedia 
338 |a online resource  |b cr  |2 rdacarrier 
490 0 |a H.doc.1765 
500 |a Record is based on bibliographic data in ProQuest U.S. Serial Set Digital Collection (last viewed Aug. 2007). Reuse except for individual research requires license from ProQuest, LLC. 
510 3 |a ProQuest U.S. Serial Set Digital Collection 
500 |a Electronic resource. 
650 0 |a Armies. 
650 0 |a Armed Forces  |x Appropriations and expenditures. 
650 0 |a Expenditures, Public. 
655 7 |a Electronic books.  |2 local 
710 2 |a ProQuest (Firm) 
830 0 |a United States congressional serial set. 
856 4 0 |u http://proxy.library.tamu.edu/login?url=http://congressional.proquest.com/congcomp/getdoc?SERIAL-SET-ID=7242+H.doc.1765  |z Connect to the full text of this electronic book  |t 0 
999 |a MARS 
999 f f |s 35253240-3831-3f9c-8b39-8b76fea1186c  |i 2b505beb-0b7e-33e5-99ec-442ad51cda7f  |t 0 
952 f f |a Texas A&M University  |b College Station  |c Electronic Resources  |d Available Online  |t 0  |e ProQuest Serial Set Number 7242 H.doc.1765  |h Other scheme 
998 f f |a ProQuest Serial Set Number 7242 H.doc.1765  |t 0  |l Available Online